[Event "1R-LV-D.H.- San Juan - Orvina (A): 0'5-3'5"]
[Site "Bergara"]
[Date "2017.01.14"]
[Round "1.2"]
[White "Reinaldo Castineira, Roi"]
[Black "Garbisu De Goni, Unai"]
[Result "1/2-1/2"]
[WhiteElo "2474"]
[BlackElo "2423"]
[PlyCount "53"]
[EventDate "2017.01.14"]

1. c4 f5 2. Nc3 Nf6 3. d4 d6 4. Bg5 Nbd7 5. Qc2 g6 6. e4 fxe4 7. Nge2 e5 8.
O-O-O Be7 9. dxe5 Nxe5 10. Bxf6 Bxf6 11. Nxe4 O-O 12. f4 Ng4 13. Qb3 Bg7 14.
c5+ Kh8 15. h3 Qe7 16. N2c3 Ne3 17. Re1 d5 18. Rxe3 dxe4 19. Qa4 Rxf4 20. Nd5
Qf7 21. Nxf4 Qxf4 22. Qxe4 Bh6 23. Qe8+ Kg7 24. Qe7+ Kh8 25. Qe8+ Kg7 26. Qe7+
Kh8 27. Qe8+ 1/2-1/2

[Event "1R-LV-D.H.- San Juan - Orvina (A): 0'5-3'5"]
[Site "Bergara"]
[Date "2017.01.14"]
[Round "1.2"]
[White "Ortega Lopez, Mikel"]
[Black "Jimenez Almeida, Luis David"]
[Result "1-0"]
[WhiteElo "2258"]
[BlackElo "2233"]
[PlyCount "119"]
[EventDate "2017.01.14"]

1. e4 e6 2. d4 d5 3. Nd2 Be7 4. e5 c5 5. c3 Nc6 6. Bd3 Nh6 7. Ndf3 Nf5 8. Ne2
O-O 9. O-O h6 10. Bb1 cxd4 11. Nexd4 Ncxd4 12. cxd4 h5 13. g3 Bd7 14. h3 Bb5
15. Re1 Rc8 16. Kg2 Qb6 17. Bf4 Rc4 18. Bxf5 exf5 19. e6 f6 20. Nd2 Rc6 21.
Qxh5 Bd3 22. Re3 Qxd4 23. Qg6 Be4+ 24. Nf3 Rxe6 25. Rxe4 Qxe4 26. Re1 Qxe1 27.
Nxe1 Rxe1 28. Qxf5 Rf7 29. Qxd5 Bf8 30. Be3 a6 31. h4 g6 32. g4 Kg7 33. h5 gxh5
34. gxh5 f5 35. h6+ Kf6 36. Qd2 Rxe3 37. Qxe3 Kg6 38. Qe6+ Rf6 39. Qc8 b5 40.
Kf3 Kxh6 41. Qd8 Kg6 42. Qe8+ Rf7 43. Kg3 Bd6+ 44. f4 Bf8 45. Qe6+ Rf6 46. Qg8+
Bg7 47. Kh4 Rf7 48. Qe8 Bxb2 49. Qe6+ Bf6+ 50. Kg3 Re7 51. Qxa6 b4 52. Kf3 Re4
53. Qb6 Rd4 54. Qa6 Re4 55. Qf1 Rd4 56. Qb5 Re4 57. Qd5 Bg7 58. Qg8 Re7 59. Qd8
Re4 60. Qg5+ 1-0

[Event "1R-LV-D.H.- San Juan - Orvina (A): 0'5-3'5"]
[Site "Bergara"]
[Date "2017.01.14"]
[Round "1.2"]
[White "Sanchez Carayol, Jesus Carlos"]
[Black "Urriza Iricibar, Pablo"]
[Result "0-1"]
[WhiteElo "2105"]
[BlackElo "2174"]
[PlyCount "118"]
[EventDate "2017.01.14"]

1. e4 e6 2. Nf3 d5 3. e5 c5 4. b4 d4 5. bxc5 Bxc5 6. Bd3 Ne7 7. O-O Ng6 8. c3
Nc6 9. Bxg6 fxg6 10. Ba3 Bxa3 11. Nxa3 O-O 12. Nb5 dxc3 13. Nxc3 Nd4 14. Nxd4
Qxd4 15. Qe2 Bd7 16. Qe3 Rf4 17. g3 Qxe3 18. fxe3 Rc4 19. Rf4 Rc5 20. Raf1 Rxe5
21. Rf7 Bc6 22. Re7 Rf8 23. Rf4 g5 24. Rxf8+ Kxf8 25. Rc7 Rf5 26. Ne2 Rf7 27.
Rc8+ Ke7 28. Nd4 Kd7 29. Ra8 a6 30. Nxc6 Kxc6 31. Re8 Kd6 32. Rd8+ Ke5 33. Rd4
b5 34. Rd8 Ra7 35. Kf2 a5 36. Ke2 b4 37. d4+ Kf5 38. Rb8 Kg4 39. Rb6 Re7 40.
Rb5 h6 41. Kf2 Kh3 42. Kg1 Rc7 43. Rxa5 Rc1+ 44. Kf2 Kxh2 45. e4 Rc2+ 46. Kf3
Rc3+ 47. Kf2 Kh3 48. Ra7 g4 49. Rxg7 Rc2+ 50. Ke3 Kxg3 51. d5 exd5 52. exd5 h5
53. d6 Rxa2 54. Rb7 Ra6 55. d7 Rd6 56. Ke4 h4 57. Rxb4 Rxd7 58. Rb3+ Kh2 59.
Kf4 g3 0-1

[Event "1R-LV-D.H.- San Juan - Orvina (A): 0'5-3'5"]
[Site "Bergara"]
[Date "2017.01.14"]
[Round "1.2"]
[White "Cinza Lopez, Javier"]
[Black "Lizuain Toni, Javier"]
[Result "1-0"]
[WhiteElo "1990"]
[BlackElo "1909"]
[PlyCount "75"]
[EventDate "2017.01.14"]

1. e4 e5 2. Nf3 Nc6 3. Bc4 Nf6 4. Ng5 d5 5. exd5 Na5 6. d3 h6 7. Nf3 Nxc4 8.
dxc4 Bd6 9. h3 O-O 10. Nc3 c6 11. a3 a6 12. Be3 e4 13. Nd4 cxd5 14. cxd5 Be5
15. Nde2 Qd6 16. Qd2 Bf5 17. Rd1 Rfe8 18. O-O Qd7 19. Bf4 Rad8 20. Qe3 Bxf4 21.
Qxf4 Bg6 22. Rd4 Nh5 23. Qd2 Re5 24. Nf4 Nxf4 25. Qxf4 Rde8 26. Re1 Rf5 27. Qd2
Rfe5 28. Qf4 Rf5 29. Qe3 Rfe5 30. Red1 Qd6 31. Rc4 f5 32. Rb4 b5 33. Rbd4 Bh5
34. R1d2 Rf8 35. Ne2 g5 36. Qc3 Bxe2 37. Rxe2 Rxd5 38. Qb3 1-0

[Event "1R-LV-D.H.- Conteneo - Zuri Baltza: 1-3"]
[Site "Bergara"]
[Date "2017.01.14"]
[Round "1.3"]
[White "Nava Pereda, Carlos"]
[Black "Alberdi Sololuce, Paulo"]
[Result "0-1"]
[WhiteElo "2189"]
[BlackElo "2251"]
[PlyCount "203"]
[EventDate "2017.01.14"]

1. Nf3 g6 2. e4 c5 3. d4 cxd4 4. Nxd4 Bg7 5. c4 Nc6 6. Be3 Nf6 7. Nc3 O-O 8.
Be2 d6 9. O-O Bd7 10. Rc1 Nxd4 11. Bxd4 Bc6 12. Qd3 Nd7 13. Bxg7 Kxg7 14. b4 b6
15. f4 a5 16. a3 axb4 17. axb4 Ra3 18. Qd4+ Kg8 19. Ra1 Rxa1 20. Rxa1 Qb8 21.
Nd5 Re8 22. f5 Bxd5 23. exd5 Ne5 24. Ra6 Rc8 25. Rxb6 Qa7 26. c5 dxc5 27. bxc5
Nd7 28. Rc6 Rxc6 29. dxc6 Nxc5 30. fxg6 hxg6 31. Kf1 Qb6 32. Bf3 Qb5+ 33. Kf2
Ne6 34. Qc3 Qb6+ 35. Kf1 Qb5+ 36. Kf2 Qb6+ 37. Qe3 Qb2+ 38. Qe2 Qb6+ 39. Kf1
Qb1+ 40. Qd1 Qb5+ 41. Kg1 Qc5+ 42. Kh1 Nd4 43. c7 e5 44. h4 Qxc7 45. h5 Nxf3
46. Qxf3 Qc1+ 47. Kh2 Qh6 48. g4 gxh5 49. gxh5 Qg5 50. Kh3 Kg7 51. Kh2 f6 52.
Qd1 Kh6 53. Qd8 Kxh5 54. Qe7 Qf4+ 55. Kg2 Qe4+ 56. Kg3 Kg5 57. Qd8 Qe3+ 58. Kg2
Qd4 59. Qg8+ Kf4 60. Qg7 Qd2+ 61. Kh3 Qd3+ 62. Kh4 f5 63. Qh6+ Kf3 64. Qh5+ Kf2
65. Kg5 Qf3 66. Qh2+ Kf1 67. Qxe5 Qg4+ 68. Kf6 f4 69. Qe4 Kf2 70. Ke5 Qg5+ 71.
Kd4 f3 72. Kd3 Qb5+ 73. Kc3 Qa5+ 74. Kb3 Qb6+ 75. Kc4 Qe3 76. Qh4+ Ke2 77. Qg4
Qd3+ 78. Kb4 Kd2 79. Qf4+ Qe3 80. Qd6+ Ke2 81. Qa6+ Kf2 82. Qc4 Qd2+ 83. Kb3
Ke1 84. Qh4+ f2 85. Qe4+ Qe2 86. Qh4 Qe6+ 87. Kc3 Qe3+ 88. Kc2 Qe2+ 89. Kc3
Qf3+ 90. Kc2 Kf1 91. Qg5 Qe4+ 92. Kd2 Qg2 93. Qc5 Qf3 94. Qg5 Qb3 95. Qg4 Qd5+
96. Kc2 Ke1 97. Qb4+ Ke2 98. Qg4+ Ke3 99. Qh3+ Qf3 100. Qh6+ Qf4 101. Qh3+ Kd4
102. Qd3+ {(Ilegible)} 0-1

[Event "1R-LV-D.H.- Conteneo - Zuri Baltza: 1-3"]
[Site "Bergara"]
[Date "2017.01.14"]
[Round "1.3"]
[White "Angulo Martinez, Jon"]
[Black "Arnaez Gil, Juan Ignacio"]
[Result "1-0"]
[WhiteElo "2213"]
[BlackElo "2197"]
[PlyCount "64"]
[EventDate "2017.01.14"]

1. e4 c5 2. Nf3 d6 3. d4 cxd4 4. Nxd4 Nf6 5. Nc3 a6 6. Bg5 e6 7. Bc4 Nbd7 8.
O-O Qc7 9. Qe2 b5 10. Bb3 Nc5 11. Rfe1 Be7 12. a3 O-O 13. Rad1 Bb7 14. f3 h6
15. Be3 Rfe8 16. Bf2 Nxb3 17. Nxb3 Rac8 18. Rd2 Nd7 19. Nd1 Ne5 20. c3 Nc4 21.
Rc2 Bf6 22. Ne3 d5 23. Ng4 Be7 24. exd5 Bxd5 25. Nd4 Bc5 26. Ne3 Nxe3 27. Bxe3
e5 28. Nf5 e4 29. f4 Qxf4 30. Nd4 Qb8 31. Nf5 Bxe3+ 32. Qxe3 {(Ilegible)} 32...
f6 1-0

[Event "1R-LV-D.H.- Conteneo - Zuri Baltza: 1-3"]
[Site "Bergara"]
[Date "2017.01.14"]
[Round "1.3"]
[White "Sanz Castillo, Santiago"]
[Black "Fernandez Hernandez, Gerardo"]
[Result "0-1"]
[WhiteElo "2152"]
[BlackElo "2175"]
[PlyCount "60"]
[EventDate "2017.01.14"]

1. e4 e6 2. d4 d5 3. Nd2 Nf6 4. e5 Nfd7 5. Bd3 c5 6. c3 Nc6 7. Ne2 cxd4 8. cxd4
f6 9. exf6 Qxf6 10. Nf3 b6 11. Nc3 Bd6 12. O-O O-O 13. Bb1 Rd8 14. a3 Nf8 15.
b4 Bd7 16. Re1 Be8 17. b5 Na5 18. Ne5 Rac8 19. Re3 Rxc3 20. Rxc3 Bxe5 21. dxe5
Qxe5 22. Bd2 Nc4 23. Ra2 Bxb5 24. Rg3 Nxd2 25. Qxd2 Rc8 26. h3 Bc4 27. Rc2 b5
28. Qh6 Qxg3 29. Qh5 Qd3 30. Rc1 Qd2 0-1

[Event "1R-LV-D.H.- Conteneo - Zuri Baltza: 1-3"]
[Site "Bergara"]
[Date "2017.01.14"]
[Round "1.3"]
[White "Besga Lopez, Jose Angel"]
[Black "Sadusea, Johnny Fernando"]
[Result "0-1"]
[WhiteElo "2140"]
[BlackElo "2102"]
[PlyCount "84"]
[EventDate "2017.01.14"]

1. e4 c5 2. Bc4 d6 3. Nf3 e6 4. Qe2 Be7 5. d3 Nf6 6. O-O O-O 7. Bb3 b6 8. c3
Bb7 9. Re1 Nbd7 10. Bg5 Re8 11. Nbd2 Nf8 12. Ba4 N6d7 13. Bxe7 Rxe7 14. Bxd7
Rxd7 15. e5 Ng6 16. Ne4 dxe5 17. Nfg5 Nf4 18. Qg4 h6 19. g3 Nxd3 20. Red1 hxg5
21. Nxg5 Qf6 22. Rxd3 Rxd3 23. Qh5 Rad8 24. Qh7+ Kf8 25. Qxd3 Rxd3 26. Nh7+ Ke7
27. Nxf6 Kxf6 28. Kf1 Bf3 29. Ke1 g5 30. h3 e4 31. a4 Kg6 32. b4 f5 33. Rc1 f4
34. a5 Kh5 35. axb6 axb6 36. bxc5 bxc5 37. c4 g4 38. hxg4+ Kxg4 39. gxf4 Kxf4
40. Ra1 e3 41. fxe3+ Kxe3 42. Rb1 Rd1+ 0-1

[Event "1R-LV-D.H.- Arrasate/Arlutz - Gros: 0'5-3'5"]
[Site "Bergara"]
[Date "2017.01.14"]
[Round "1.4"]
[White "Miguel Quintero, Francisco"]
[Black "Franco Alonso, Alejandro"]
[Result "1/2-1/2"]
[WhiteElo "2286"]
[BlackElo "2435"]
[PlyCount "89"]
[EventDate "2017.01.14"]

1. g3 d5 2. Nf3 Bg4 3. Bg2 c6 4. c4 e6 5. cxd5 exd5 6. Qb3 Qb6 7. Qxb6 axb6 8.
Na3 Na6 9. Nc2 Nb4 10. Nxb4 Bxb4 11. O-O Nf6 12. h3 Bd7 13. d3 O-O 14. Bf4 Rfe8
15. a3 Bc5 16. e3 Bf5 17. Rfd1 h6 18. g4 Bh7 19. Rac1 Nd7 20. Bf1 Be7 21. d4 b5
22. Ne5 Nb6 23. Bd3 Bxd3 24. Nxd3 Nc4 25. Rc2 g5 26. Bg3 Kg7 27. Re2 h5 28.
Rde1 hxg4 29. hxg4 Bd6 30. Kg2 Re7 31. Rh1 Bxg3 32. Kxg3 f6 33. Rh3 Rh8 34.
Rxh8 Kxh8 35. Re1 Kg7 36. Kf3 Kg6 37. Rh1 Kg7 38. Ke2 Re8 39. Rh3 Re4 40. Rg3
Kg6 41. Rg1 Re8 42. Rh1 Kg7 43. Rh3 Re4 44. Rg3 Re8 45. Rh3 1/2-1/2

[Event "1R-LV-D.H.- Arrasate/Arlutz - Gros: 0'5-3'5"]
[Site "Bergara"]
[Date "2017.01.14"]
[Round "1.4"]
[White "Gonzalez De La Torre, Santiago"]
[Black "Miguel Quintero, Antonio"]
[Result "1-0"]
[WhiteElo "2444"]
[BlackElo "2166"]
[PlyCount "43"]
[EventDate "2017.01.14"]

1. Nf3 g6 2. c4 Bg7 3. Nc3 d6 4. g3 e5 5. d4 Nc6 6. dxe5 Nxe5 7. Nxe5 dxe5 8.
Qxd8+ Kxd8 9. Bg5+ f6 10. O-O-O+ Ke7 11. Nd5+ Kf7 12. Nxc7 Rb8 13. Be3 Bh6 14.
f4 Bf5 15. Nb5 exf4 16. gxf4 Be6 17. Bxa7 Ra8 18. e3 Ne7 19. Kb1 Bf5+ 20. Bd3
Rhd8 21. Bxf5 Nxf5 22. Bb6 1-0

[Event "1R-LV-D.H.- Arrasate/Arlutz - Gros: 0'5-3'5"]
[Site "Bergara"]
[Date "2017.01.14"]
[Round "1.4"]
[White "Alcaide Luque, Aitor"]
[Black "Argandona Riveiro, Inigo"]
[Result "0-1"]
[WhiteElo "2101"]
[BlackElo "2445"]
[PlyCount "56"]
[EventDate "2017.01.14"]

1. d4 d6 2. e4 e5 3. Nf3 exd4 4. Nxd4 Nf6 5. Nc3 Be7 6. Be2 O-O 7. Bf4 Re8 8.
Qd2 Nc6 9. O-O-O Nxd4 10. Qxd4 Be6 11. Nd5 Bxd5 12. exd5 Nd7 13. Bb5 Bf6 14.
Qd2 Re4 15. Be3 Ne5 16. Rhe1 a5 17. Bd4 Rh4 18. Kb1 Nf3 19. gxf3 Rxd4 20. Qe2
Rb4 21. b3 Rh4 22. Rd3 Be5 23. h3 g6 24. Re3 Qf6 25. Bd3 a4 26. Rg1 Ba1 27. c4
axb3 28. axb3 Be5 0-1

[Event "1R-LV-D.H.- Arrasate/Arlutz - Gros: 0'5-3'5"]
[Site "Bergara"]
[Date "2017.01.14"]
[Round "1.4"]
[White "Etchegaray, Patrice"]
[Black "Hernando Casas, Jose Manuel"]
[Result "1-0"]
[WhiteElo "2357"]
[BlackElo "2002"]
[PlyCount "81"]
[EventDate "2017.01.14"]

1. d4 d5 2. Bf4 Nf6 3. e3 g6 4. Nf3 Bg7 5. Be2 O-O 6. Nc3 c6 7. Ne5 Nbd7 8. h4
h5 9. Qd2 a5 10. f3 a4 11. a3 Re8 12. O-O-O Nf8 13. g4 Bd7 14. Rdg1 Be6 15. Bd3
hxg4 16. fxg4 N8h7 17. Be2 Ne4 18. Nxe4 dxe4 19. g5 Qa5 20. c3 Rac8 21. h5 Nf8
22. Bd1 Nd7 23. Ng4 Nb6 24. hxg6 fxg6 25. Nh6+ Kf8 26. Qf2 Bf5 27. Be5 e6 28.
Bd6+ Re7 29. Nxf5 exf5 30. Bxe7+ Kxe7 31. Rh7 Kf7 32. Qh2 Qd5 33. Rh1 Rg8 34.
Qc7+ Nd7 35. Bxa4 b5 36. Bb3 Qxb3 37. Qxd7+ Kf8 38. Rxg7 Rxg7 39. Rh8+ Rg8 40.
Qd8+ Kg7 41. Qf6# 1-0

[Event "1R-LV-D.H.- Sestao EDP (A) - Batalla: 2'5-1'5"]
[Site "Bergara"]
[Date "2017.01.14"]
[Round "1.5"]
[White "Del Rio De Angelis, Salvador G"]
[Black "Alonso Arburu, Juan Ignacio"]
[Result "0-1"]
[WhiteElo "2527"]
[BlackElo "2398"]
[PlyCount "61"]
[EventDate "2017.01.14"]

1. d4 e6 2. c4 f5 3. Nc3 Nf6 4. e3 d5 5. Bd3 c6 6. Nge2 Bd6 7. O-O O-O 8. f3 a6
9. Bd2 dxc4 10. Bxc4 b5 11. Bb3 c5 12. dxc5 Bxc5 13. Nf4 Qd6 14. Kh1 g5 15. Nh3
h6 16. Qc2 Kg7 17. Rac1 Bb6 18. Ne2 Bb7 19. Rfd1 Qe7 20. Ng3 Rc8 21. Bc3 Kf8
22. Nxf5 exf5 23. Qxf5 Rxc3 24. Rxc3 Kg7 25. Rcd3 Bc6 26. Nxg5 hxg5 27. Qxg5+
Kh8 28. Rd6 Nbd7 29. Rxc6 Qxe3 30. Qh4+ Nh7 31. Rh6 0-1

[Event "1R-LV-D.H.- Sestao EDP (A) - Batalla: 2'5-1'5"]
[Site "Bergara"]
[Date "2017.01.14"]
[Round "1.5"]
[White "Cruz-Lopez Claret, Carlos"]
[Black "Trigo Urquijo, Sergio"]
[Result "1/2-1/2"]
[WhiteElo "2287"]
[BlackElo "2407"]
[PlyCount "125"]
[EventDate "2017.01.14"]

1. d4 d6 2. c4 e5 3. d5 f5 4. e4 fxe4 5. Nc3 Nf6 6. Nge2 Be7 7. Ng3 O-O 8. Be2
Na6 9. Be3 Qe8 10. Ncxe4 Nxe4 11. Nxe4 Qg6 12. Bf3 Nb4 13. a3 Bf5 14. axb4 Bxe4
15. Bxe4 Qxe4 16. O-O Qxc4 17. Rc1 Qxb4 18. Rxc7 Bf6 19. Qc2 Qb5 20. Rd1 Bd8
21. Rc8 Bb6 22. Rxa8 Rxa8 23. Qf5 Re8 24. Bxb6 Qxb6 25. h3 Rf8 26. Qe6+ Kh8 27.
Rd2 h6 28. Rc2 a5 29. Qe7 Rf6 30. Kh2 Kh7 31. Rc7 Rg6 32. Qf7 Qd4 33. Rxb7 e4
34. Re7 Qf6 35. Qxf6 Rxf6 36. Kg3 Rg6+ 37. Kh2 Rg5 38. Rxe4 Rxd5 39. b4 axb4
40. Rxb4 Kg6 41. Kg3 Kf5 42. Kf3 Re5 43. Rb7 g6 44. Rd7 Re6 45. Rd8 g5 46. Rf8+
Ke5 47. Ke3 Rg6 48. Re8+ Kd5 49. Rd8 h5 50. g3 g4 51. hxg4 hxg4 52. Rf8 Rg7 53.
Rf4 Kc5 54. Kd3 d5 55. Ra4 Rf7 56. Rxg4 Rxf2 57. Rg8 Rf3+ 58. Kc2 Ra3 59. Rc8+
Kd4 60. g4 Rg3 61. Ra8 Ke5 62. g5 Rxg5 63. Ra3 1/2-1/2

[Event "1R-LV-D.H.- Sestao EDP (A) - Batalla: 2'5-1'5"]
[Site "Bergara"]
[Date "2017.01.14"]
[Round "1.5"]
[White "Iruzubieta Villaluenga, Jesus"]
[Black "Serras Uria, Antonio"]
[Result "1-0"]
[WhiteElo "2413"]
[BlackElo "2224"]
[PlyCount "57"]
[EventDate "2017.01.14"]

1. e4 c5 2. Nc3 Nc6 3. Nf3 d6 4. d4 cxd4 5. Nxd4 Nf6 6. Bg5 e6 7. Qd2 a6 8.
O-O-O h6 9. Nxc6 bxc6 10. Bf4 d5 11. Qe3 Qa5 12. Be2 Bb4 13. Be5 dxe4 14. Qg3
Nd7 15. Bxg7 Rg8 16. Nxe4 Qxa2 17. c4 Qa1+ 18. Kc2 Qa4+ 19. Kb1 Be7 20. Nd6+
Bxd6 21. Rxd6 Qb4 22. Rhd1 Rb8 23. Rxc6 Bb7 24. Rxe6+ fxe6 25. Bh5+ Kd8 26.
Qxb8+ Ke7 27. Qxg8 Be4+ 28. Kc1 Qxc4+ 29. Bc3 1-0

[Event "1R-LV-D.H.- Sestao EDP (A) - Batalla: 2'5-1'5"]
[Site "Bergara"]
[Date "2017.01.14"]
[Round "1.5"]
[White "Olaizola Ortega, Luis"]
[Black "Ruiz Gomez, Alejandro"]
[Result "1-0"]
[WhiteElo "2143"]
[BlackElo "2367"]
[PlyCount "95"]
[EventDate "2017.01.14"]

1. Nf3 d5 2. d4 Nf6 3. c4 c6 4. Nc3 a6 5. a4 Bf5 6. Qb3 Ra7 7. g3 e6 8. Bg2 a5
9. O-O h6 10. Ne5 Be7 11. cxd5 cxd5 12. Qb5+ Nbd7 13. Bf4 O-O 14. Rac1 g5 15.
Bd2 Bb4 16. Rfd1 Qe7 17. Nxd7 Nxd7 18. e4 dxe4 19. Nxe4 Bxe4 20. Bxe4 Bxd2 21.
Rxd2 Nf6 22. Bg2 Rd8 23. Qe5 b6 24. Rc6 Nd7 25. Qe3 Re8 26. Re2 Qd8 27. d5 Nc5
28. b3 Rd7 29. h4 Kg7 30. hxg5 hxg5 31. d6 e5 32. Rd2 f5 33. Rd5 Kf6 34. Qc3 g4
35. Qe3 Re6 36. Qh6+ Kf7 37. Qh5+ Kf6 38. Rd1 e4 39. Rd5 Kg7 40. Qxf5 Rg6 41.
Bxe4 Nxe4 42. Qxe4 Qf6 43. Rc7 Qf7 44. Qe5+ Kh7 45. Qh5+ Kg7 46. Rc8 Rh6 47.
Rg5+ Kh7 48. Rh8+ 1-0

[Event "2R-LV-D.H.- Batalla - Abadiño: 2'5-'15"]
[Site "Bergara"]
[Date "2017.01.21"]
[Round "2.1"]
[White "Cruz-Lopez Claret, Carlos"]
[Black "Sarralde Osua, Rodrigo"]
[Result "0-1"]
[WhiteElo "2287"]
[BlackElo "2331"]
[PlyCount "98"]
[EventDate "2017.01.14"]

1. d4 d5 2. c4 c6 3. Nc3 e6 4. e3 f5 5. Bd3 Nf6 6. Nge2 Bd6 7. f3 O-O 8. Qc2 a6
9. O-O dxc4 10. Bxc4 b5 11. Bb3 Qc7 12. Qxf5 Bxh2+ 13. Kh1 Kh8 14. Qh3 Bd6 15.
Bxe6 Bxe6 16. Qxe6 Nbd7 17. Bd2 Rae8 18. Qh3 b4 19. Na4 Qa5 20. b3 Qb5 21. Ng3
Bxg3 22. Qxg3 Ne4 23. Qe1 Qxf1+ 24. Qxf1 Ng3+ 25. Kg1 Nxf1 26. Kxf1 a5 27. Rc1
Re6 28. Nc5 Nxc5 29. Rxc5 Ra8 30. Ke2 Kg8 31. Kd3 Kf7 32. e4 Ke8 33. g4 Kd7 34.
g5 h5 35. gxh6 gxh6 36. f4 Rg6 37. Rh5 Rg3+ 38. Kc4 Rg2 39. Kd3 Rag8 40. Be1
Rxa2 41. Rxh6 Rg1 42. Rh7+ Ke8 43. Bh4 Rh1 44. e5 Rah2 45. Re7+ Kf8 46. Bf6 a4
47. bxa4 b3 48. Rb7 b2 49. Rb8+ Kf7 0-1

[Event "2R-LV-D.H.- Batalla - Abadiño: 2'5-'15"]
[Site "Bergara"]
[Date "2017.01.21"]
[Round "2.1"]
[White "Prieto Aranguren, Alain"]
[Black "Munoz Perez, Ivan"]
[Result "1-0"]
[WhiteElo "2223"]
[BlackElo "2227"]
[PlyCount "70"]
[EventDate "2017.01.14"]

1. d4 Nf6 2. c4 g6 3. Nc3 Bg7 4. e4 d6 5. Be2 O-O 6. Nf3 Nbd7 7. O-O e5 8. d5
Nc5 9. Qc2 a5 10. Bg5 h6 11. Be3 Ne8 12. Nd2 f5 13. f3 Nf6 14. a3 fxe4 15. fxe4
Ng4 16. Bxg4 Bxg4 17. b4 axb4 18. axb4 Rxa1 19. Rxa1 Na6 20. Qb3 Kh7 21. c5 Nb8
22. b5 dxc5 23. Bxc5 Re8 24. Ra8 b6 25. Be3 Bf8 26. Nc4 Qf6 27. Ra7 Re7 28. h3
Rf7 29. Qb1 Bxh3 30. gxh3 Bc5 31. Bxc5 Qg5+ 32. Kh1 Qg3 33. Ne3 bxc5 34. Ncd1
Qxh3+ 35. Kg1 Qg3+ {(Ilegible)} 1-0

[Event "2R-LV-D.H.- Batalla - Abadiño: 2'5-'15"]
[Site "Bergara"]
[Date "2017.01.21"]
[Round "2.1"]
[White "Serras Uria, Antonio"]
[Black "Galzagorri Uli, Yeray"]
[Result "1-0"]
[WhiteElo "2224"]
[BlackElo "2224"]
[PlyCount "73"]
[EventDate "2017.01.14"]

1. Nf3 d5 2. g3 c6 3. Bg2 Bf5 4. d3 e6 5. O-O Nd7 6. c4 Ngf6 7. Nc3 h6 8. Re1
Bh7 9. cxd5 cxd5 10. Bf4 Bb4 11. a3 Bxc3 12. bxc3 O-O 13. Qa4 Nc5 14. Qb4 Rc8
15. Nd2 Bxd3 16. exd3 Nxd3 17. Qxb7 Nxe1 18. Rxe1 Rxc3 19. Qxa7 Qa8 20. Qd4
Rfc8 21. Bxh6 Rxa3 22. Qe5 Ne8 23. Be3 Qb8 24. Qg5 Qb2 25. Nf3 Ra1 26. Rxa1
Qxa1+ 27. Bf1 Qb1 28. Qh4 Qe4 29. Qxe4 dxe4 30. Ng5 Nd6 31. Bf4 Rc6 32. Bxd6
Rxd6 33. Nxe4 Rd4 34. Nc3 Rd2 35. h4 g6 36. Ne4 Rd4 37. Ng5 {(Bandera)} 1-0

[Event "2R-LV-D.H.- Batalla - Abadiño: 2'5-'15"]
[Site "Bergara"]
[Date "2017.01.21"]
[Round "2.1"]
[White "Sarralde Osua, Diego"]
[Black "Olaizola Ortega, Luis"]
[Result "1/2-1/2"]
[WhiteElo "2051"]
[BlackElo "2143"]
[PlyCount "81"]
[EventDate "2017.01.14"]

1. e4 e6 2. d4 d5 3. Nc3 Nf6 4. Bg5 Be7 5. e5 Ne4 6. Nxe4 Bxg5 7. Nxg5 Qxg5 8.
Qd2 Qxd2+ 9. Kxd2 c5 10. dxc5 Nd7 11. Bb5 Ke7 12. Bxd7 Bxd7 13. Ne2 Rhc8 14. b4
b6 15. cxb6 axb6 16. c3 Ra3 17. Kc2 Rca8 18. Kb2 Bb5 19. Nd4 Bc4 20. Nc6+ Kd7
21. Na5 Rxa2+ 22. Rxa2 Bxa2 23. Ra1 bxa5 24. Rxa2 a4 25. c4 dxc4 26. b5 Ra5 27.
Kc3 Rxb5 28. Rxa4 Rxe5 29. Rxc4 Re2 30. Rf4 f5 31. Kd3 Ra2 32. Ke3 g5 33. Rd4+
Ke7 34. Rb4 h5 35. h3 h4 36. Rb3 Kf6 37. Kf3 f4 38. Rb8 e5 39. Rf8+ Kg7 40. Re8
Ra5 41. Ke4 1/2-1/2

[Event "2R-LV-D.H.- Gros - Sestao EDP (A): 1-3"]
[Site "Bergara"]
[Date "2017.01.21"]
[Round "2.2"]
[White "Franco Alonso, Alejandro"]
[Black "Lagarde, Maxime"]
[Result "1/2-1/2"]
[WhiteElo "2435"]
[BlackElo "2594"]
[PlyCount "46"]
[EventDate "2017.01.14"]

1. Nf3 f5 2. g3 Nf6 3. Bg2 g6 4. O-O Bg7 5. c4 O-O 6. Nc3 d6 7. d4 c6 8. Re1
Ne4 9. Be3 Nxc3 10. bxc3 e5 11. dxe5 dxe5 12. Qxd8 Rxd8 13. Red1 Re8 14. Nd2
Na6 15. Nb3 e4 16. Bd4 Bf8 17. c5 Be6 18. e3 b6 19. cxb6 c5 20. b7 Rab8 21. Be5
Rxb7 22. Bf1 Rb6 23. Na5 {(Ilegible)} 23... Re7 1/2-1/2

[Event "2R-LV-D.H.- Gros - Sestao EDP (A): 1-3"]
[Site "Bergara"]
[Date "2017.01.21"]
[Round "2.2"]
[White "Edouard, Romain"]
[Black "Velten, Paul"]
[Result "1/2-1/2"]
[WhiteElo "2613"]
[BlackElo "2473"]
[PlyCount "39"]
[EventDate "2017.01.14"]

1. Nf3 d5 2. g3 c6 3. Bg2 Bg4 4. h3 Bxf3 5. Bxf3 e6 6. Bg2 Bd6 7. d3 Nd7 8. O-O
Qb6 9. Kh1 Ne7 10. e4 O-O 11. Nd2 f5 12. Qe2 Rae8 13. exd5 Nxd5 14. Nc4 Qc7 15.
Nxd6 Qxd6 16. d4 e5 17. dxe5 Nxe5 18. Rd1 Qc5 19. Kg1 f4 20. Bxd5+ 1/2-1/2

[Event "2R-LV-D.H.- Gros - Sestao EDP (A): 1-3"]
[Site "Bergara"]
[Date "2017.01.21"]
[Round "2.2"]
[White "Gonzalez De La Torre, Santiago"]
[Black "Del Rio De Angelis, Salvador G"]
[Result "0-1"]
[WhiteElo "2444"]
[BlackElo "2527"]
[PlyCount "88"]
[EventDate "2017.01.14"]

1. e4 e6 2. d4 d5 3. Nc3 Bb4 4. e5 c5 5. a3 Bxc3+ 6. bxc3 Ne7 7. a4 Qa5 8. Bd2
Nbc6 9. Nf3 Bd7 10. dxc5 Ng6 11. Bb5 Qc7 12. Bxc6 Bxc6 13. Qe2 b6 14. Nd4 bxc5
15. Nb5 Bxb5 16. Qxb5+ Qd7 17. f4 a6 18. Qxc5 Ne7 19. Qf2 O-O 20. c4 Rfc8 21.
cxd5 Qxd5 22. c3 Rab8 23. O-O Rb2 24. Rfd1 h5 25. Rab1 Ra2 26. Be1 Rxf2 27.
Rxd5 Rxg2+ 28. Kxg2 Nxd5 29. a5 Nxf4+ 30. Kf3 Nd3 31. Bg3 Rxc3 32. Rb6 Ra3 33.
Ke2 g5 34. Rd6 h4 35. Rxd3 Rxd3 36. Kxd3 hxg3 37. hxg3 Kg7 38. g4 f5 39. exf6+
Kxf6 40. Ke4 Kf7 41. Kd4 Ke8 42. Ke5 Kd7 43. Kd4 Kd6 44. Ke4 e5 0-1

[Event "2R-LV-D.H.- Gros - Sestao EDP (A): 1-3"]
[Site "Bergara"]
[Date "2017.01.21"]
[Round "2.2"]
[White "Iruzubieta Villaluenga, Jesus"]
[Black "Argandona Riveiro, Inigo"]
[Result "1-0"]
[WhiteElo "2413"]
[BlackElo "2445"]
[PlyCount "109"]
[EventDate "2017.01.14"]

1. e4 e5 2. Nf3 d6 3. d4 exd4 4. Nxd4 Nf6 5. Nc3 Be7 6. g3 O-O 7. Bg2 Re8 8.
O-O Bf8 9. h3 Nbd7 10. Re1 Nc5 11. Nb3 Nfd7 12. Be3 c6 13. Kh2 Qc7 14. Qd2 b6
15. Nd4 Ne5 16. b3 Bb7 17. Rad1 Rad8 18. f3 Ng6 19. Qf2 Nd7 20. Nf5 Nf6 21. Bg5
Be7 22. Qd4 h6 23. Nxe7+ Qxe7 24. Bxf6 Qxf6 25. Qxf6 gxf6 26. Re2 Kf8 27. Red2
Ke7 28. Ne2 Bc8 29. Nd4 Bd7 30. f4 Nf8 31. Bf3 f5 32. exf5 d5 33. g4 Nh7 34.
Ne2 Nf6 35. Ng3 Rg8 36. Re1+ Kf8 37. c4 Bc8 38. cxd5 cxd5 39. Red1 Bb7 40. Ne4
Ke7 41. Nxf6 Kxf6 42. Kg3 Rd7 43. h4 Rd6 44. Be4 Re8 45. g5+ hxg5 46. hxg5+ Kg7
47. f6+ Kg8 48. Bxd5 Bxd5 49. Rxd5 Rxd5 50. Rxd5 a5 51. Kg4 Rc8 52. Rd6 Rb8 53.
Kh5 a4 54. bxa4 Ra8 55. g6 1-0

[Event "2R-LV-D.H.- Zuri Baltza - Arrasate/Arlutz: 2-2"]
[Site "Bergara"]
[Date "2017.01.21"]
[Round "2.3"]
[White "Alberdi Sololuce, Paulo"]
[Black "Miguel Quintero, Francisco"]
[Result "1/2-1/2"]
[WhiteElo "2251"]
[BlackElo "2286"]
[PlyCount "44"]
[EventDate "2017.01.14"]

1. c4 g6 2. g3 Bg7 3. Bg2 e5 4. Nc3 Nf6 5. e4 d6 6. Nge2 Be6 7. d3 O-O 8. O-O
Nc6 9. Nd5 Ne8 10. Rb1 Qd7 11. b4 Nd8 12. d4 f5 13. dxe5 dxe5 14. exf5 gxf5 15.
Bg5 Kh8 16. c5 h6 17. Bh4 Nf6 18. Nec3 Qf7 19. b5 e4 20. Nxf6 Bxf6 21. Bxf6+
Qxf6 22. Nd5 Qe5 1/2-1/2